[Event "Quebec op"]
[Site "Montreal CAN"]
[Date "2000.07.27"]
[Round "7"]
[White "Abreu Cordero, Jose"]
[Black "Mikanovic, Goran"]
[Result "1/2-1/2"]
[WhiteElo "2137"]
[BlackElo "2336"]
[PlyCount "114"]
[GameId "2160767911653195"]
[EventDate "2000.07.22"]
[EventType "swiss"]
[EventRounds "9"]
[EventCountry "CAN"]

1. e4 c5 2. c3 Nf6 3. Bd3 Nc6 4. Bc2 d5 5. d3 g6 6. Nf3 Bg7 7. O-O O-O 8. Qe2 e5 9. Nbd2 a6 10. a4 Re8 11. Re1 Rb8 12. Nf1 d4 13. Bb3 Be6 14. N3d2 dxc3 15. bxc3 Bxb3 16. Nxb3 Nd7 17. Ba3 b6 18. Nfd2 Qc7 19. Nc4 b5 20. Ne3 b4 21. Nd5 Qd6 22. cxb4 cxb4 23. Bb2 Nb6 24. Nxb6 Rxb6 25. Rac1 Nd8 26. Rc4 Ne6 27. g3 Rd8 28. Rd1 Qd7 29. a5 Rb5 30. Qc2 Ng5 31. Qe2 f5 32. h4 Nxe4 33. Qc2 Rd5 34. Rxb4 Bf8 35. Rb6 Nc5 36. Qc4 Na4 37. Bxe5 Rc8 38. Qf4 Nxb6 39. axb6 Rb5 40. Qa4 Qe8 41. Bc7 Rb4 42. Qxe8 Rxe8 43. Na5 Bc5 44. b7 Ba7 45. d4 Re2 46. Be5 Ra2 47. b8=Q+ Bxb8 48. Nc6 Rbb2 49. Nxb8 Rxf2 50. Bf4 Rg2+ 51. Kh1 Rh2+ 52. Kg1 Rhg2+ 53. Kf1 Rac2 54. Ke1 h6 55. d5 g5 56. hxg5 hxg5 57. Be5 Kf7 1/2-1/2

[Event "Quebec op"]
[Site "Montreal CAN"]
[Date "2000.07.27"]
[Round "7"]
[White "Beaulieu, Pierre"]
[Black "Bachand-Fleurent, Julien"]
[Result "0-1"]
[WhiteElo "2193"]
[BlackElo "1962"]
[PlyCount "70"]
[GameId "2160767911653196"]
[EventDate "2000.07.22"]
[EventType "swiss"]
[EventRounds "9"]
[EventCountry "CAN"]

1. e4 e6 2. d4 d5 3. Nd2 Nf6 4. e5 Nfd7 5. f4 c5 6. c3 Nc6 7. Ndf3 Qb6 8. Ne2 f6 9. g3 cxd4 10. Nexd4 Nc5 11. Bb5 Bd7 12. Qe2 Ne4 13. Be3 Bc5 14. O-O O-O 15. a4 a6 16. Bxc6 bxc6 17. a5 Qc7 18. Qc2 Be7 19. c4 c5 20. cxd5 exd5 21. Nb3 Rfc8 22. Nbd2 f5 23. Rfd1 Be6 24. b3 Qb7 25. Rdb1 d4 26. Bf2 Bd5 27. Be1 Nc3 28. Qxf5 Nxb1 29. Rxb1 Bxf3 30. Nxf3 Qxf3 31. Qe6+ Kf8 32. Qf5+ Ke8 33. Qxh7 Qg4 34. Qg8+ Bf8 35. Bd2 Qg6 0-1

[Event "Quebec op"]
[Site "Montreal CAN"]
[Date "2000.07.27"]
[Round "7"]
[White "Belanger, Jacques"]
[Black "Gilman, Arkadiy"]
[Result "1-0"]
[WhiteElo "2113"]
[BlackElo "2265"]
[PlyCount "75"]
[GameId "2160767911653197"]
[EventDate "2000.07.22"]
[EventType "swiss"]
[EventRounds "9"]
[EventCountry "CAN"]

1. e4 e6 2. d4 d5 3. Nc3 Nf6 4. Bg5 Bb4 5. e5 h6 6. Bd2 Nfd7 7. Qg4 Bf8 8. Nf3 c5 9. Ne2 cxd4 10. Nexd4 Nc6 11. Bf4 Nc5 12. Bb5 Bd7 13. Bxc6 bxc6 14. O-O Rb8 15. b3 g6 16. Nd2 Bg7 17. h4 h5 18. Qg3 Qb6 19. Bg5 Qc7 20. f4 Qb6 21. Kh1 Bc8 22. Bf6 Bxf6 23. exf6 Nd7 24. Nxe6 fxe6 25. Qxg6+ Kd8 26. Rae1 Qd4 27. f7 Ba6 28. Qg5+ Kc7 29. f5 exf5 30. Rxf5 Rbf8 31. Nf3 Qc5 32. Re7 Kc8 33. Rxd7 Kxd7 34. Ne5+ Kc7 35. Ng6 Bc8 36. Rf6 Rh7 37. Nxf8 Qxf8 38. Qg8 1-0

[Event "Quebec op"]
[Site "Montreal CAN"]
[Date "2000.07.27"]
[Round "7"]
[White "Berezovich, Mikhail"]
[Black "Kalinichev, Andrey"]
[Result "1/2-1/2"]
[WhiteElo "2164"]
[BlackElo "2043"]
[PlyCount "42"]
[GameId "2160767911653198"]
[EventDate "2000.07.22"]
[EventType "swiss"]
[EventRounds "9"]
[EventCountry "CAN"]

1. d4 d5 2. c4 c6 3. Nf3 Nf6 4. cxd5 cxd5 5. Nc3 Nc6 6. Bf4 Bf5 7. e3 e6 8. Bd3 Bxd3 9. Qxd3 Bd6 10. Bxd6 Qxd6 11. O-O O-O 12. a3 a6 13. Rac1 Rac8 14. b4 b5 15. Rfd1 Rfd8 16. Ne1 Nd7 17. f4 f5 18. Nf3 Nf6 19. Rc2 Rc7 20. Rdc1 Rdc8 21. g3 g6 1/2-1/2

[Event "Quebec op"]
[Site "Montreal CAN"]
[Date "2000.07.27"]
[Round "7"]
[White "Clement, Michel"]
[Black "Ibrahim, Anthony"]
[Result "1/2-1/2"]
[WhiteElo "2080"]
[BlackElo "2202"]
[PlyCount "105"]
[GameId "2160767911653199"]
[EventDate "2000.07.22"]
[EventType "swiss"]
[EventRounds "9"]
[EventCountry "CAN"]

1. e4 c5 2. Nf3 Nc6 3. d4 cxd4 4. Nxd4 Nf6 5. Nc3 e5 6. Nb3 Bb4 7. Bd3 d5 8. exd5 Nxd5 9. Bd2 Bxc3 10. bxc3 O-O 11. Qh5 e4 12. Be2 Re8 13. Bg5 Qc7 14. Bc4 Nb6 15. Be2 Ne5 16. O-O Qxc3 17. Bd2 Qc7 18. Nd4 Ng6 19. Qb5 Bd7 20. Qb3 Rac8 21. a4 Qe5 22. Be3 Qd5 23. Rfb1 Qxb3 24. Rxb3 Rc7 25. a5 Nd5 26. Rab1 Nxe3 27. fxe3 Bc8 28. Nb5 Rxc2 29. Nd6 Rd8 30. Bd1 Rd2 31. Nxc8 Rxd1+ 32. Rxd1 Rxd1+ 33. Kf2 Rd7 34. Nxa7 f5 35. Rb5 Ne7 36. Kg3 Kf7 37. Kf4 g6 38. Ke5 Rd2 39. Rxb7 Rd5+ 40. Kf4 Kf6 41. Rb6+ Kf7 42. Rb7 Ke6 43. a6 Rd2 44. Rb6+ Rd6 45. Rxd6+ Kxd6 46. Nb5+ Kc6 47. a7 Kb7 48. Ke5 Nc6+ 49. Kf6 Nb4 50. Nd6+ Kxa7 51. Nxf5 gxf5 52. Kxf5 Kb6 53. Kxe4 1/2-1/2

[Event "Quebec op"]
[Site "Montreal CAN"]
[Date "2000.07.27"]
[Round "7"]
[White "Egorov, Mikhail"]
[Black "Lasitsin, Ilja"]
[Result "1/2-1/2"]
[WhiteElo "2114"]
[BlackElo "1952"]
[PlyCount "54"]
[GameId "2160767911653200"]
[EventDate "2000.07.22"]
[EventType "swiss"]
[EventRounds "9"]
[EventCountry "CAN"]

1. Nf3 Nf6 2. c4 g6 3. Nc3 Bg7 4. e4 d6 5. d4 O-O 6. Be2 e5 7. O-O Nc6 8. d5 Ne7 9. Ne1 c5 10. g4 Ne8 11. Be3 f5 12. f3 f4 13. Bf2 h5 14. g5 Bh3 15. Ng2 a6 16. Bh4 Rb8 17. a4 Nc7 18. a5 Nc8 19. Qe1 Rf7 20. Qf2 Bf8 21. Kh1 Be7 22. Rg1 Rf8 23. Bd3 b5 24. axb6 Nxb6 25. Ne1 Qd7 26. b3 Rb7 27. Bc2 Rfb8 1/2-1/2

[Event "Quebec op"]
[Site "Montreal CAN"]
[Date "2000.07.27"]
[Round "7"]
[White "Feoktistov, Dmitri"]
[Black "Desjardins, Andre"]
[Result "0-1"]
[WhiteElo "1991"]
[BlackElo "2194"]
[PlyCount "74"]
[GameId "2160767911653201"]
[EventDate "2000.07.22"]
[EventType "swiss"]
[EventRounds "9"]
[EventCountry "CAN"]

1. d4 Nf6 2. c4 g6 3. Nc3 Bg7 4. e4 d6 5. f3 O-O 6. Be3 e5 7. Nge2 Nc6 8. Qd2 a6 9. d5 Ne7 10. g4 Bxg4 11. fxg4 Nxg4 12. Bh3 Nxe3 13. Qxe3 f5 14. exf5 Nxf5 15. Bxf5 gxf5 16. O-O-O Qh4 17. Rhg1 Kh8 18. Qg3 Bh6+ 19. Kb1 Qxc4 20. Qh3 Rf6 21. Ng3 Qg4 22. Qxg4 fxg4 23. Nge4 Rf4 24. Rg2 Rg8 25. Rdg1 b5 26. a3 a5 27. Nf2 Rxf2 28. Rxf2 Be3 29. Rff1 Bxg1 30. Rxg1 b4 31. axb4 axb4 32. Ne4 h5 33. Rf1 Kg7 34. Kc2 h4 35. Kd3 Kg6 36. Rf2 Rg7 37. Nf6 g3 0-1

[Event "Quebec op"]
[Site "Montreal CAN"]
[Date "2000.07.27"]
[Round "7"]
[White "Grondin, Jean-Philippe"]
[Black "Golts, Roman"]
[Result "0-1"]
[WhiteElo "2107"]
[BlackElo "2291"]
[PlyCount "36"]
[GameId "2160767911653203"]
[EventDate "2000.07.22"]
[EventType "swiss"]
[EventRounds "9"]
[EventCountry "CAN"]

1. e4 e6 2. d4 d5 3. Nc3 Nf6 4. e5 Nfd7 5. f4 c5 6. dxc5 Bxc5 7. Qg4 O-O 8. Nf3 Nc6 9. Bd3 f5 10. Qh3 Be7 11. g4 Nc5 12. gxf5 Nxd3+ 13. cxd3 exf5 14. Rg1 Nb4 15. Qh6 Rf7 16. e6 Kh8 17. Ne5 Nxd3+ 18. Nxd3 Qb6 0-1

[Event "Quebec op"]
[Site "Montreal CAN"]
[Date "2000.07.27"]
[Round "7"]
[White "Khassanov, Marat"]
[Black "Lazarev, Vladimir"]
[Result "1/2-1/2"]
[WhiteElo "2409"]
[BlackElo "2518"]
[PlyCount "36"]
[GameId "2160767911653204"]
[EventDate "2000.07.22"]
[EventType "swiss"]
[EventRounds "9"]
[EventCountry "CAN"]

1. Nf3 c5 2. c4 Nc6 3. Nc3 g6 4. g3 Bg7 5. Bg2 e5 6. O-O Nge7 7. a3 a5 8. d3 d6 9. Rb1 O-O 10. Bg5 f6 11. Bd2 Be6 12. Ne1 Rc8 13. Nc2 Qd7 14. b4 axb4 15. axb4 b6 16. b5 Nd4 17. Ne3 Ndf5 18. Ned5 h5 1/2-1/2

[Event "Quebec op"]
[Site "Montreal CAN"]
[Date "2000.07.27"]
[Round "7"]
[White "Khaziyeva, Dinara"]
[Black "Sarwer, Jeff"]
[Result "0-1"]
[WhiteElo "1888"]
[BlackElo "2164"]
[PlyCount "98"]
[GameId "2160767911653205"]
[EventDate "2000.07.22"]
[EventType "swiss"]
[EventRounds "9"]
[EventCountry "CAN"]

1. c4 e5 2. g3 c6 3. d4 exd4 4. Qxd4 Nf6 5. Bg2 Be7 6. Nf3 d5 7. cxd5 cxd5 8. O-O Nc6 9. Qd3 O-O 10. Bf4 Qb6 11. Nc3 Be6 12. a3 h6 13. Rfd1 Rad8 14. b4 Nh5 15. Be3 Qc7 16. Nb5 Qb8 17. Rac1 Rfe8 18. Nbd4 Bd7 19. Nxc6 bxc6 20. Nd4 Rc8 21. Nb3 Nf6 22. Qa6 Bd8 23. Rc2 Bb6 24. Nc5 Bf5 25. Rcd2 Qd6 26. Nb7 Qe7 27. Bc5 Bxc5 28. bxc5 Rc7 29. Nd6 Bc8 30. Qa5 Rd8 31. Rd3 Be6 32. f4 Ne8 33. f5 Bc8 34. Nxc8 Rcxc8 35. e4 Nf6 36. exd5 cxd5 37. Rc1 Rd7 38. Re1 Qxc5+ 39. Qxc5 Rxc5 40. Red1 Kh7 41. Rd4 h5 42. R1d3 Kh6 43. h4 Ra5 44. Bh3 Re7 45. Kf1 Re5 46. Rf3 Rc5 47. Rfd3 Ne4 48. Kg1 f6 49. Kf1 Rc2 0-1

[Event "Quebec op"]
[Site "Montreal CAN"]
[Date "2000.07.27"]
[Round "7"]
[White "Kogan, Artur"]
[Black "Tyomkin, Dimitri"]
[Result "1/2-1/2"]
[WhiteElo "2483"]
[BlackElo "2513"]
[PlyCount "39"]
[GameId "2160767911653206"]
[EventDate "2000.07.22"]
[EventType "swiss"]
[EventRounds "9"]
[EventCountry "CAN"]

1. d4 Nf6 2. c4 c6 3. Nc3 d5 4. cxd5 cxd5 5. Bf4 Nc6 6. e3 a6 7. Bd3 Bg4 8. Nge2 e6 9. Qd2 Bxe2 10. Qxe2 Bd6 11. Bg5 Be7 12. O-O O-O 13. Rac1 Rc8 14. Bb1 Nd7 15. Qd3 g6 16. Bh6 Re8 17. f4 Bf8 18. Bg5 Be7 19. Bh6 f5 20. h3 1/2-1/2

[Event "Quebec op"]
[Site "Montreal CAN"]
[Date "2000.07.27"]
[Round "7"]
[White "Morin, Yves"]
[Black "Sullivan, Neil"]
[Result "1/2-1/2"]
[WhiteElo "2267"]
[BlackElo "2136"]
[PlyCount "41"]
[GameId "2160767911653210"]
[EventDate "2000.07.22"]
[EventType "swiss"]
[EventRounds "9"]
[EventCountry "CAN"]

1. Nf3 c5 2. g3 g6 3. Bg2 Bg7 4. O-O Nc6 5. d3 Nf6 6. c3 d5 7. Nbd2 b6 8. Qc2 O-O 9. a3 Bb7 10. Rb1 Rc8 11. Qa4 a6 12. b4 b5 13. Qd1 c4 14. Bb2 Qd7 15. Rc1 Rc7 16. d4 h6 17. Re1 Nh7 18. Nf1 Nf6 19. N3d2 Qd8 20. f4 Qd7 21. Nf3 1/2-1/2

[Event "Quebec op"]
[Site "Montreal CAN"]
[Date "2000.07.27"]
[Round "7"]
[White "Moss, Laurent"]
[Black "Kulagin, Maxim"]
[Result "1-0"]
[WhiteElo "2035"]
[BlackElo "1895"]
[PlyCount "37"]
[GameId "2160767911653211"]
[EventDate "2000.07.22"]
[EventType "swiss"]
[EventRounds "9"]
[EventCountry "CAN"]

1. d4 Nf6 2. Nf3 e6 3. Bg5 c5 4. e3 Nc6 5. c4 cxd4 6. exd4 Bb4+ 7. Nc3 Qa5 8. Bd2 Qb6 9. a3 Be7 10. c5 Qd8 11. Bc4 O-O 12. O-O d6 13. cxd6 Bxd6 14. Bg5 Be7 15. Re1 Qb6 16. d5 exd5 17. Nxd5 Nxd5 18. Qxd5 Bxg5 19. Qxf7+ 1-0

[Event "Quebec op"]
[Site "Montreal CAN"]
[Date "2000.07.27"]
[Round "7"]
[White "Nicula, Marius"]
[Black "Raheb, David"]
[Result "1/2-1/2"]
[WhiteElo "2225"]
[BlackElo "2098"]
[PlyCount "93"]
[GameId "2160767911653212"]
[EventDate "2000.07.22"]
[EventType "swiss"]
[EventRounds "9"]
[EventCountry "CAN"]

1. e4 c5 2. Nc3 Nc6 3. f4 g6 4. Nf3 Bg7 5. Bc4 e6 6. f5 gxf5 7. exf5 Ne5 8. Nxe5 Bxe5 9. Qh5 Nf6 10. Qf3 d5 11. Bb5+ Bd7 12. fxe6 fxe6 13. O-O a6 14. Bxd7+ Qxd7 15. d3 Qd6 16. Bg5 O-O 17. Qh3 Nd7 18. Bh6 Rf6 19. Rxf6 Nxf6 20. Rf1 Bxh2+ 21. Qxh2 Qxh2+ 22. Kxh2 Ng4+ 23. Kh3 Nxh6 24. Rf6 Nf5 25. Rxe6 Nd4 26. Re7 Rd8 27. Rxb7 Nxc2 28. Na4 c4 29. dxc4 d4 30. c5 d3 31. Nc3 d2 32. Nd1 Ne3 33. Nf2 Rf8 34. c6 Rxf2 35. c7 Rf8 36. Rb8 d1=Q 37. Rxf8+ Kg7 38. c8=Q Qh1+ 39. Kg3 Qxg2+ 40. Kf4 Qf2+ 41. Ke4 Qxf8 42. Qxf8+ Kxf8 43. Kxe3 Ke7 44. b4 Kd6 45. a4 Kd5 46. Kf4 Kc4 47. b5 1/2-1/2

[Event "Quebec op"]
[Site "Montreal CAN"]
[Date "2000.07.27"]
[Round "7"]
[White "Pineault, Denis"]
[Black "Dvoretskij, Alexey"]
[Result "1-0"]
[WhiteElo "2175"]
[BlackElo "2098"]
[PlyCount "97"]
[GameId "2160767911653213"]
[EventDate "2000.07.22"]
[EventType "swiss"]
[EventRounds "9"]
[EventCountry "CAN"]

1. e4 e5 2. Nf3 Nf6 3. Nxe5 d6 4. Nf3 Nxe4 5. Nc3 d5 6. Qe2 Be7 7. Nxe4 dxe4 8. Qxe4 O-O 9. Bc4 Bd6 10. O-O Re8 11. Qd5 Be6 12. Qb5 a6 13. Qb3 Bxc4 14. Qxc4 b5 15. Qh4 Qxh4 16. Nxh4 Nc6 17. c3 Re2 18. d4 b4 19. Nf3 bxc3 20. bxc3 Rc2 21. Bd2 Rb8 22. Rfc1 Rxc1+ 23. Bxc1 Na5 24. Nd2 f5 25. Rb1 Rxb1 26. Nxb1 Kf7 27. Ba3 Bf4 28. g3 Bh6 29. Kf1 Ke6 30. Ke2 Kd5 31. Bf8 Kc4 32. f4 Kd5 33. Nd2 Nc4 34. Nxc4 Kxc4 35. Kd2 a5 36. Kc2 a4 37. Kd2 Kd5 38. Kd3 c6 39. c4+ Ke6 40. Kc3 Kf7 41. Bd6 Ke6 42. Be5 g5 43. Kb4 Bf8+ 44. Kxa4 g4 45. Kb3 h5 46. a4 Be7 47. a5 Bd8 48. a6 Bb6 49. Bb8 1-0

[Event "Quebec op"]
[Site "Montreal CAN"]
[Date "2000.07.27"]
[Round "7"]
[White "Poulin, Maurice"]
[Black "Archangelsky, Mikhail"]
[Result "0-1"]
[WhiteElo "2108"]
[BlackElo "2384"]
[PlyCount "62"]
[GameId "2160767911653214"]
[EventDate "2000.07.22"]
[EventType "swiss"]
[EventRounds "9"]
[EventCountry "CAN"]

1. e4 e6 2. d4 d5 3. e5 c5 4. c3 Qb6 5. Nf3 Nc6 6. h3 Bd7 7. Be2 Nge7 8. Na3 cxd4 9. cxd4 Nf5 10. Nc2 Nb4 11. Na3 Be7 12. g4 Nh4 13. Nxh4 Bxh4 14. O-O f6 15. Be3 O-O 16. Qd2 Rac8 17. Kg2 Rc7 18. f4 Rfc8 19. Bd1 g6 20. Kg1 f5 21. g5 Nc2 22. Nxc2 Qxb2 23. Rc1 Rc3 24. Bf2 Bxf2+ 25. Rxf2 Bb5 26. Rf3 Rxf3 27. Bxf3 Rc3 28. Kf2 Bd3 29. Bd1 Be4 30. Rb1 Qxb1 31. Qxc3 Qxd1 0-1

[Event "Quebec op"]
[Site "Montreal CAN"]
[Date "2000.07.27"]
[Round "7"]
[White "Prahov, Valentin"]
[Black "Neacsu, Catalin"]
[Result "1-0"]
[WhiteElo "2170"]
[BlackElo "1987"]
[PlyCount "137"]
[GameId "2160767911653215"]
[EventDate "2000.07.22"]
[EventType "swiss"]
[EventRounds "9"]
[EventCountry "CAN"]

1. e4 c5 2. Nf3 d6 3. d4 cxd4 4. Nxd4 Nf6 5. Nc3 a6 6. Be2 g6 7. Be3 Bg7 8. Qd2 Nc6 9. O-O-O O-O 10. f3 Bd7 11. g4 Nxd4 12. Bxd4 Bc6 13. h4 b5 14. h5 Qa5 15. hxg6 fxg6 16. a3 Rf7 17. Qe3 Qc7 18. e5 dxe5 19. Bxe5 Nxg4 20. Bxc7 Nxe3 21. Rd3 Nc4 22. Rh3 e5 23. Bd6 h5 24. Bc5 Bh6+ 25. Kb1 Bd7 26. Rh1 Bf5 27. Rd5 Nd2+ 28. Ka1 Bxc2 29. Rxe5 Nxf3 30. Re6 Nd2 31. b4 Bg7 32. Re3 Bf5 33. Kb2 Ne4 34. Bf3 Nxc3 35. Bxa8 Nd5+ 36. Kc1 Nxe3 37. Bxe3 Re7 38. Bd2 Rc7+ 39. Kd1 Bg4+ 40. Ke1 Re7+ 41. Kf1 Re2 42. Be1 Kh7 43. Bb7 Re6 44. Rh2 Bd4 45. Bh4 Kh6 46. Bc8 Re4 47. Bxa6 g5 48. Bg3 h4 49. Bxb5 Bh5 50. Bd6 Re3 51. Rd2 Rf3+ 52. Kg2 Bc3 53. Rd3 Rxd3 54. Bxd3 Be8 55. b5 Ba5 56. a4 g4 57. Be4 Kg5 58. Bc6 h3+ 59. Kg3 Bg6 60. Bc5 Bc7+ 61. Kf2 g3+ 62. Kg1 Bc2 63. b6 Be5 64. a5 Bd3 65. Bb7 g2 66. Bc8 Kh4 67. Bf2+ Bg3 68. Bxg3+ Kxg3 69. Bxh3 1-0

[Event "Quebec op"]
[Site "Montreal CAN"]
[Date "2000.07.27"]
[Round "7"]
[White "Razdolksky, Ilija"]
[Black "Evelev, Vladimir"]
[Result "0-1"]
[WhiteElo "2143"]
[BlackElo "2452"]
[PlyCount "70"]
[GameId "2160767911653216"]
[EventDate "2000.07.22"]
[EventType "swiss"]
[EventRounds "9"]
[EventCountry "CAN"]

1. e4 c5 2. Nc3 Nc6 3. g3 g6 4. Bg2 Bg7 5. d3 d6 6. Be3 e6 7. Qd2 Rb8 8. f4 Nge7 9. Nf3 Nd4 10. O-O O-O 11. Rae1 b6 12. Ne2 e5 13. c3 Nxf3+ 14. Bxf3 f5 15. fxe5 dxe5 16. d4 Ba6 17. Bg5 fxe4 18. Bxe4 Rxf1+ 19. Rxf1 exd4 20. Qf4 Qf8 21. Qc7 Nf5 22. Bxf5 gxf5 23. Rxf5 Qxf5 24. Qxb8+ Bf8 25. Qf4 Qxf4 26. Nxf4 dxc3 27. bxc3 Bc4 28. a3 Bg7 29. Bd8 Bxc3 30. Kf2 b5 31. g4 Bb2 32. h4 Bxa3 33. Be7 a5 34. g5 a4 35. h5 Bb2 0-1

[Event "Quebec op"]
[Site "Montreal CAN"]
[Date "2000.07.27"]
[Round "7"]
[White "Roy, Guy"]
[Black "Gaspariants, Garry"]
[Result "0-1"]
[WhiteElo "2089"]
[BlackElo "2282"]
[PlyCount "74"]
[GameId "2160767911653217"]
[EventDate "2000.07.22"]
[EventType "swiss"]
[EventRounds "9"]
[EventCountry "CAN"]

1. e4 e5 2. Nf3 Nc6 3. Bb5 a6 4. Ba4 Nf6 5. O-O Be7 6. Re1 b5 7. Bb3 d6 8. c3 O-O 9. h3 Na5 10. Bc2 c5 11. d3 Nc6 12. Nbd2 d5 13. Nf1 d4 14. cxd4 cxd4 15. Bg5 Nd7 16. Bxe7 Qxe7 17. Ng3 g6 18. Rc1 Nc5 19. Qd2 a5 20. Bb1 Bd7 21. Qh6 Na4 22. Bc2 Nc5 23. Bd1 Nxd3 24. Bb3 Kh8 25. h4 Nxe1 26. Rxe1 f6 27. Bd5 Rac8 28. Qd2 Nb4 29. Bb3 a4 30. Bd1 Nxa2 31. h5 g5 32. h6 Qb4 33. Qe2 Nc1 34. Qf1 Qxb2 35. Nf5 Bxf5 36. exf5 d3 37. Re3 a3 0-1

[Event "Quebec op"]
[Site "Montreal CAN"]
[Date "2000.07.27"]
[Round "7"]
[White "Rozentalis, Eduardas"]
[Black "Fillion, Steve"]
[Result "1-0"]
[WhiteElo "2553"]
[BlackElo "2131"]
[PlyCount "81"]
[GameId "2160767911653218"]
[EventDate "2000.07.22"]
[EventType "swiss"]
[EventRounds "9"]
[EventCountry "CAN"]

1. e4 e6 2. d4 d5 3. Nd2 c5 4. Ngf3 Nc6 5. exd5 exd5 6. Bb5 Bd6 7. dxc5 Bxc5 8. Nb3 Bb6 9. O-O Nge7 10. Re1 O-O 11. Be3 Bxe3 12. Rxe3 Bg4 13. h3 Bh5 14. Bxc6 bxc6 15. Qd2 Bxf3 16. Rxf3 Ng6 17. Qc3 Re8 18. Rd1 Qb6 19. Rd4 Re5 20. Re3 Rae8 21. Rxe5 Nxe5 22. Nc5 Nc4 23. Nd3 Nd6 24. Ra4 Re4 25. Rxe4 Nxe4 26. Qe5 g6 27. g4 Qd8 28. Kg2 Nd6 29. b3 Ne4 30. a4 a5 31. Qf4 f6 32. Qe3 Kg7 33. Qa7+ Kh6 34. Qd4 Kg7 35. c4 Qd6 36. cxd5 cxd5 37. Qa7+ Kh6 38. Qxa5 Ng5 39. Qc5 Qd8 40. Qd4 Kg7 41. Nf4 1-0

[Event "Quebec op"]
[Site "Montreal CAN"]
[Date "2000.07.27"]
[Round "7"]
[White "Sakr, Nassim"]
[Black "Loadman, Ian"]
[Result "1-0"]
[WhiteElo "2193"]
[BlackElo "2087"]
[PlyCount "63"]
[GameId "2160767911653219"]
[EventDate "2000.07.22"]
[EventType "swiss"]
[EventRounds "9"]
[EventCountry "CAN"]

1. e4 e5 2. Bc4 Nf6 3. d3 Nc6 4. Nf3 Bc5 5. O-O O-O 6. Bg5 h6 7. Bh4 g5 8. Bg3 d6 9. c3 Bg4 10. Nbd2 a6 11. a4 Nh5 12. b4 Ba7 13. Bd5 Qf6 14. Nc4 Nd8 15. Ne3 Bxf3 16. gxf3 c6 17. Bb3 Ng7 18. d4 exd4 19. cxd4 Qxd4 20. Bxd6 Re8 21. Qxd4 Bxd4 22. Rad1 Bxe3 23. fxe3 Nde6 24. f4 Rad8 25. f5 Nf8 26. e5 Rd7 27. e6 Nfxe6 28. fxe6 Nxe6 29. Bg3 Rxd1 30. Rxd1 Re7 31. Kg2 Kg7 32. Bd6 1-0

[Event "Quebec op"]
[Site "Montreal CAN"]
[Date "2000.07.27"]
[Round "7"]
[White "Sasseville, Jean"]
[Black "Arsenault, Michel"]
[Result "1-0"]
[WhiteElo "1950"]
[BlackElo "1920"]
[PlyCount "49"]
[GameId "2160767911653220"]
[EventDate "2000.07.22"]
[EventType "swiss"]
[EventRounds "9"]
[EventCountry "CAN"]

1. c4 b6 2. Nc3 Bb7 3. d4 e6 4. f3 Bb4 5. e4 Qh4+ 6. g3 Qh5 7. Bg2 f5 8. exf5 Qxf5 9. Nh3 c5 10. a3 cxd4 11. Qxd4 Nc6 12. Qxg7 Bxc3+ 13. Qxc3 Qe5+ 14. Qxe5 Nxe5 15. O-O Nxc4 16. b3 Ne5 17. Bb2 Ng6 18. Nf4 N8e7 19. Nxg6 Nxg6 20. Bxh8 Nxh8 21. Rac1 Rc8 22. f4 Rxc1 23. Rxc1 Bxg2 24. Rc8+ Ke7 25. Kxg2 1-0

[Event "Quebec op"]
[Site "Montreal CAN"]
[Date "2000.07.27"]
[Round "7"]
[White "St Amand, Paul Jr"]
[Black "Reeve, Jeff"]
[Result "1-0"]
[WhiteElo "2153"]
[BlackElo "2318"]
[PlyCount "117"]
[GameId "2160767911653223"]
[EventDate "2000.07.22"]
[EventType "swiss"]
[EventRounds "9"]
[EventCountry "CAN"]

1. e4 c5 2. c3 Nf6 3. e5 Nd5 4. d4 cxd4 5. cxd4 Nc6 6. Nf3 d6 7. Bc4 Nb6 8. Bb5 dxe5 9. Nxe5 Bd7 10. Bxc6 Bxc6 11. Nxc6 bxc6 12. O-O g6 13. Qc2 Rc8 14. Rd1 Bg7 15. Bf4 O-O 16. Be5 Qd7 17. Bxg7 Kxg7 18. Nc3 Nd5 19. Rac1 Rfd8 20. Qe4 Nxc3 21. Rxc3 e6 22. g3 Qd5 23. Qxd5 cxd5 24. Rdc1 Rxc3 25. Rxc3 Rb8 26. b3 Rb7 27. f4 Kf6 28. Kf2 g5 29. Ke3 g4 30. Kd3 Kf5 31. Rc8 f6 32. Ke3 a5 33. Ra8 h5 34. Rxa5 h4 35. Rc5 hxg3 36. hxg3 Rh7 37. Rc2 Rh3 38. Rg2 Rh1 39. Rb2 Rf1 40. b4 Rf3+ 41. Ke2 Rxg3 42. Kf1 Rh3 43. Kg2 Kxf4 44. b5 Rh8 45. b6 g3 46. Kg1 e5 47. dxe5 fxe5 48. b7 Rb8 49. a4 e4 50. a5 e3 51. a6 Kf3 52. Rb3 Ke4 53. Kf1 Rf8+ 54. Kg2 e2 55. b8=Q e1=Q 56. Qxf8 Qd2+ 57. Kxg3 Qg5+ 58. Kh3 Qh5+ 59. Kg2 1-0

[Event "Quebec op"]
[Site "Montreal CAN"]
[Date "2000.07.27"]
[Round "7"]
[White "Strassmann, Swantje"]
[Black "Antonenko, Valerija"]
[Result "1/2-1/2"]
[WhiteElo "2070"]
[BlackElo "2061"]
[PlyCount "46"]
[GameId "2160767911653224"]
[EventDate "2000.07.22"]
[EventType "swiss"]
[EventRounds "9"]
[EventCountry "CAN"]

1. e4 c5 2. Nf3 d6 3. d4 cxd4 4. Nxd4 Nf6 5. Nc3 e6 6. Be2 Be7 7. O-O O-O 8. Be3 Nc6 9. f4 Bd7 10. Kh1 a6 11. Qe1 Nxd4 12. Bxd4 Bc6 13. Bf3 d5 14. Rd1 Bb4 15. Bxf6 Qxf6 16. exd5 Bxc3 17. bxc3 Bxd5 18. Bxd5 exd5 19. Rxd5 Rac8 20. Rd3 Rc4 21. Qe5 Qxe5 22. fxe5 g6 23. Rdf3 Re4 1/2-1/2

[Event "Quebec op"]
[Site "Montreal CAN"]
[Date "2000.07.27"]
[Round "7"]
[White "Tessier, Olivier"]
[Black "Trottier, Yves"]
[Result "0-1"]
[WhiteElo "2061"]
[BlackElo "1932"]
[PlyCount "52"]
[GameId "2160767911653225"]
[EventDate "2000.07.22"]
[EventType "swiss"]
[EventRounds "9"]
[EventCountry "CAN"]

1. c4 e6 2. Nf3 d5 3. g3 Nf6 4. Bg2 c6 5. b3 Be7 6. O-O O-O 7. d3 b6 8. Bb2 Bb7 9. Nbd2 Nbd7 10. Rc1 Rc8 11. Rc2 Re8 12. Qa1 c5 13. cxd5 exd5 14. d4 Ba6 15. Re1 c4 16. bxc4 dxc4 17. Ne5 Nxe5 18. dxe5 Nd5 19. Ne4 Nb4 20. Rd2 Qc7 21. Nd6 Red8 22. Ba3 c3 23. Nxc8 cxd2 24. Nxe7+ Qxe7 25. Bxb4 Qxb4 26. Rb1 Qxb1+ 0-1

[Event "Quebec op"]
[Site "Montreal CAN"]
[Date "2000.07.28"]
[Round "8"]
[White "Antonenko, Valerija"]
[Black "Nicula, Marius"]
[Result "1/2-1/2"]
[WhiteElo "2061"]
[BlackElo "2225"]
[PlyCount "37"]
[GameId "2160767911653227"]
[EventDate "2000.07.22"]
[EventType "swiss"]
[EventRounds "9"]
[EventCountry "CAN"]

1. e4 e6 2. d3 d5 3. Nd2 c5 4. Ngf3 Nc6 5. g3 g6 6. Bg2 Bg7 7. O-O Nge7 8. Re1 b6 9. Nf1 Bb7 10. c3 dxe4 11. dxe4 Qxd1 12. Rxd1 Na5 13. Ng5 h6 14. Nh3 Rd8 15. Bf4 e5 16. Rxd8+ Kxd8 17. Rd1+ Kc7 18. Bc1 Nc4 19. Ne3 1/2-1/2

[Event "Quebec op"]
[Site "Montreal CAN"]
[Date "2000.07.28"]
[Round "8"]
[White "Archangelsky, Mikhail"]
[Black "Caceres Cortes, Julio"]
[Result "0-1"]
[WhiteElo "2384"]
[BlackElo "1970"]
[PlyCount "76"]
[GameId "2160767911653228"]
[EventDate "2000.07.22"]
[EventType "swiss"]
[EventRounds "9"]
[EventCountry "CAN"]

1. Nf3 Nf6 2. c4 c6 3. d4 d5 4. e3 e6 5. Nbd2 Nbd7 6. Bd3 Bd6 7. O-O O-O 8. e4 dxe4 9. Nxe4 Nxe4 10. Bxe4 Nf6 11. Bc2 h6 12. Qd3 b6 13. b3 Bb7 14. Bb2 Re8 15. Rad1 Qe7 16. Ne5 Rad8 17. Ng4 g6 18. Qf3 Nxg4 19. Qxg4 Qg5 20. Qf3 Rd7 21. Be4 Qf4 22. Qxf4 Bxf4 23. g3 Bg5 24. Rd3 Red8 25. Rfd1 Bf6 26. Bc3 Bg7 27. Kf1 f5 28. Bg2 e5 29. d5 e4 30. Bxg7 Kxg7 31. Rd4 cxd5 32. Ke2 Bc6 33. cxd5 Rxd5 34. Rxd5 Rxd5 35. Rxd5 Bxd5 36. Ke3 Kf6 37. Kd4 e3 38. Bf1 Bg2 0-1